Catalog

Record Details

Catalog Search



Demon slayer = Kimetsu no yaiba. Flapping ... Read More

Gotoge, Koyoharu, 1988-(author,, artist.).
Werry, John (Translator),(translator.). Stan!, 1964-(adapter.). ... Read More

Available copies

  • 2 of 2 copies available at LARL/NWRL Consortium.
  • 2 of 2 copies available at Lake Agassiz Regional Library. (Show preferred library)

Current holds

0 current holds with 2 total copies.

Show Only Available Copies
Location Call Number / Copy Notes Barcode Shelving Location Status Due Date
Fertile Public Library Y G GOT (Text) 33500014289813 Main Available -
Fosston Public Library Y G GOT (Text) 33500013640099 Main Available -

Record details

  • ISBN: 9781974718115
  • ISBN: 1974718115
  • Physical Description: 1 volume (unpaged) : chiefly illustrations ; 19 cm
  • Edition: Shonen Jump edition.
  • Publisher: San Francisco, CA : VIZ Media, LLC, [2020]

Content descriptions

General Note:
Translated from the Japanese.
Translation of: Kimetsu no yaiba. 19.
Reads from right to left.
"First published in Japan in 2016 by SHUEISHA, Inc., Tokyo."--Page opposite title page
Parental advisory: "[R]ecommended for ages 13 and up. This volume contains realistic and fantasy ... Read More
Summary, etc.:
"In Taisho-era Japan, kindhearted Tanjiro Kamado ... Read More
Target Audience Note:
Rated T, for Teen.
Language Note:
Translated from the Japanese.
Subject: Demonology > Comic books, strips, etc.
Good and evil > Comic books, strips, etc.
Martial arts > Training > Comic books, strips, etc.
Brothers and sisters > Comic books, strips, etc.
Revenge > Comic books, strips, etc.
Japan > History > Taishō period, 1912-1926 > Comic books, strips, etc.
Demonology > Fiction.
Brothers and sisters > Fiction.
Revenge > Fiction.
Japan > History > Taishō period, 1912-1926 > Fiction.
Cartoons and comics.
Revenge.
Martial arts > Training.
Good and evil.
Demonology.
Brothers and sisters.
Japan.
Demonology > Comic books, strips, etc.
Siblings > Comic books, strips, etc.
Revenge > Comic books, strips, etc.
Demonology > Fiction.
Siblings > Fiction.
Revenge > Fiction.
Comic books, strips, etc.
Japan > History.
Japan > History > Fiction.
Genre: Young adult fiction.
Young adult works.
Fiction.
Paranormal comics.
History.
Historical comics.
Fantasy comics.
Comics (Graphic works)
Graphic novels.
Paranormal fiction.
Graphic novels.
Historical comics.
Fantasy comics.
Paranormal comics.
Comics (Graphic works)
LDR 06091cam a22012258i 4500
001394837
003LARL_NWRL_CONSORTIUM
00520220809162414.0
008200803t20202020caua d 6 000 1 eng d
040 . ‡aUKMGB ‡beng ‡erda ‡cUKMGB ‡dOCLCO ‡dMLSOD ‡dBDX ‡dWC4 ‡dOCLCO ‡dNZAUC ‡dOCLCF ‡dLMJ ‡dJTE ‡dOCLCO ‡dEHH ‡dANK ‡dIUK ‡dOCL ‡dOCLCO ‡dYDX ‡dBKL ‡dOCLCO ‡dOCLCQ ‡dOCLCO ‡dOCL ‡dOCLCO ‡dGWV ‡dOCLCO ‡dTXSCH
015 . ‡aGBC0F4414 ‡2bnb
0167 . ‡a019971191 ‡2Uk
019 . ‡a1139765645 ‡a1183871909 ‡a1225630824 ‡a1226751650 ‡a1248728530
020 . ‡a9781974718115 ‡q(paperback)
020 . ‡a1974718115 ‡q(paperback)
035 . ‡a(OCoLC)1202970129 ‡z(OCoLC)1139765645 ‡z(OCoLC)1183871909 ‡z(OCoLC)1225630824 ‡z(OCoLC)1226751650 ‡z(OCoLC)1248728530
0411 . ‡aeng ‡hjpn
043 . ‡aa-ja---
08204. ‡a741.56 ‡223
1001 . ‡aGotoge, Koyoharu, ‡d1988- ‡eauthor, ‡eartist.
24010. ‡aKimetsu no yaiba. ‡lEnglish
24510. ‡aDemon slayer = ‡bKimetsu no yaiba. ‡pFlapping butterfly wings / ‡cstory and art by Koyoharu Gotouge ; translation, John Werry ; English adaptation, Stan! ; touch-up art & lettering, John Hunt.
2463 . ‡aDemon slayer = ‡bKimetsu no yaiba. ‡n19, ‡pFlapping butterfly wings
24630. ‡aFlapping butterfly wings
250 . ‡aShonen Jump edition.
264 1. ‡aSan Francisco, CA : ‡bVIZ Media, LLC, ‡c[2020]
264 4. ‡c©2020
300 . ‡a1 volume (unpaged) : ‡bchiefly illustrations ; ‡c19 cm
336 . ‡atext ‡btxt ‡2rdacontent
336 . ‡astill image ‡bsti ‡2rdacontent
337 . ‡aunmediated ‡bn ‡2rdamedia
338 . ‡avolume ‡bnc ‡2rdacarrier
4900 . ‡aDemon slayer ; ‡v19
500 . ‡aTranslated from the Japanese.
500 . ‡aTranslation of: Kimetsu no yaiba. 19.
500 . ‡aReads from right to left.
500 . ‡a"First published in Japan in 2016 by SHUEISHA, Inc., Tokyo."--Page opposite title page
500 . ‡aParental advisory: "[R]ecommended for ages 13 and up. This volume contains realistic and fantasy violence"--Page opposite title page
520 . ‡a"In Taisho-era Japan, kindhearted Tanjiro Kamado makes a living selling charcoal. But his peaceful life is shattered when a demon slaughters his entire family. His little sister Nezuko is the only survivor, but she has been transformed into a demon herself! Tanjiro sets out on a dangerous journey to find a way to return his sister to normal and destroy the demon who ruined his life ... The Demon Slayers fight hard to get their blades closer to Muzan's neck! To avenge her family, Kanao must continue to battle Doma head-on while Iguro and Kanroji find themselves slashing through the shifting rooms of Infinity Castle. Elsewhere, Tokito, Sanemi and Genya come face-to-face with a villain who recognizes Tokito, but Tokito doesn't know him. Who is this powerful adversary?"--Provided by publisher
521 . ‡aRated T, for Teen.
546 . ‡aTranslated from the Japanese.
650 0. ‡aDemonology ‡vComic books, strips, etc.
650 0. ‡aGood and evil ‡vComic books, strips, etc. ‡0(LARL_NWRL_CONSORTIUM)172338
650 0. ‡aMartial arts ‡xTraining ‡vComic books, strips, etc.
650 0. ‡aBrothers and sisters ‡vComic books, strips, etc.
650 0. ‡aRevenge ‡vComic books, strips, etc.
651 0. ‡aJapan ‡xHistory ‡yTaishō period, 1912-1926 ‡vComic books, strips, etc.
650 1. ‡aDemonology ‡vFiction. ‡0(LARL_NWRL_CONSORTIUM)168972
650 1. ‡aBrothers and sisters ‡vFiction. ‡0(LARL_NWRL_CONSORTIUM)163634
650 1. ‡aRevenge ‡vFiction. ‡0(LARL_NWRL_CONSORTIUM)167017
651 1. ‡aJapan ‡xHistory ‡yTaishō period, 1912-1926 ‡vFiction.
650 1. ‡aCartoons and comics. ‡0(LARL_NWRL_CONSORTIUM)175912
650 7. ‡aRevenge. ‡2fast ‡0(LARL_NWRL_CONSORTIUM)29769
650 7. ‡aMartial arts ‡xTraining. ‡2fast ‡0(LARL_NWRL_CONSORTIUM)39451
650 7. ‡aGood and evil. ‡2fast ‡0(LARL_NWRL_CONSORTIUM)21378
650 7. ‡aDemonology. ‡2fast ‡0(LARL_NWRL_CONSORTIUM)18386
650 7. ‡aBrothers and sisters. ‡2fast ‡0(LARL_NWRL_CONSORTIUM)15444
651 7. ‡aJapan. ‡2fast ‡0(LARL_NWRL_CONSORTIUM)178447
650 7. ‡aDemonology ‡vComic books, strips, etc. ‡2sears
650 7. ‡aSiblings ‡vComic books, strips, etc. ‡2sears
650 7. ‡aRevenge ‡vComic books, strips, etc. ‡2sears
650 7. ‡aDemonology ‡vFiction. ‡2sears ‡0(LARL_NWRL_CONSORTIUM)168972
650 7. ‡aSiblings ‡vFiction. ‡2sears
650 7. ‡aRevenge ‡vFiction. ‡2sears ‡0(LARL_NWRL_CONSORTIUM)167017
650 7. ‡aComic books, strips, etc. ‡2sears ‡0(LARL_NWRL_CONSORTIUM)17230
651 7. ‡aJapan ‡xHistory. ‡2sears ‡0(LARL_NWRL_CONSORTIUM)178448
651 7. ‡aJapan ‡xHistory ‡vFiction. ‡2sears
648 7. ‡a1912-1926 ‡2fast
655 0. ‡aYoung adult fiction.
655 7. ‡aYoung adult works. ‡2fast
655 7. ‡aFiction. ‡2fast
655 7. ‡aParanormal comics. ‡2fast
655 7. ‡aHistory. ‡2fast
655 7. ‡aHistorical comics. ‡2fast
655 7. ‡aFantasy comics. ‡2fast
655 7. ‡aComics (Graphic works) ‡2fast
655 7. ‡aGraphic novels. ‡2fast
655 7. ‡aParanormal fiction. ‡2fast
655 7. ‡aGraphic novels. ‡2lcgft
655 7. ‡aHistorical comics. ‡2lcgft
655 7. ‡aFantasy comics. ‡2lcgft
655 7. ‡aParanormal comics. ‡2lcgft
655 7. ‡aComics (Graphic works) ‡2lcgft
7001 . ‡aWerry, John ‡c(Translator), ‡etranslator.
7000 . ‡aStan!, ‡d1964- ‡eadapter. ‡0(LARL_NWRL_CONSORTIUM)205833
7001 . ‡aHunt, John, ‡d1972- ‡eletterer, ‡eillustrator.
905 . ‡uvanderl
901 . ‡a394837 ‡b ‡c394837 ‡tbiblio ‡soclc

Additional Resources